Principles of Electromagetics (Record no. 193266)

MARC details
000 -LEADER
fixed length control field 00469nam a2200193Ia 4500
008 - FIXED-LENGTH DATA ELEMENTS--GENERAL INFORMATION
fixed length control field 240823s9999||||xx |||||||||||||| ||und||
082 ## - DEWEY DECIMAL CLASSIFICATION NUMBER
-- 621.3 Q1
100 ## - MAIN ENTRY--PERSONAL NAME
Personal name Mahapatra S C
245 #0 - TITLE STATEMENT
Title Principles of Electromagetics
250 ## - EDITION STATEMENT
Edition statement 1st
260 ## - PUBLICATION, DISTRIBUTION, ETC. (IMPRINT)
Date of publication, distribution, etc 2011
Name of publisher, distributor, etc "Tata Mcgraw Hill,New "
500 ## - GENERAL NOTE
General note YES
650 ## - SUBJECT ADDED ENTRY--TOPICAL TERM
Topical term or geographic name as entry element Electromagnetics
700 ## - ADDED ENTRY--PERSONAL NAME
Personal name Sudipta Mahapatra
942 ## - ADDED ENTRY ELEMENTS (KOHA)
Item type Books
Holdings
Withdrawn status Lost status Damaged status Permanent location Current location Date acquired Source of acquisition Cost, normal purchase price Full call number Barcode Date last seen Koha item type
      CENTRAL LIBRARY, NOORUL ISLAM CENTRE FOR HIGHER EDUCATION CENTRAL LIBRARY, NOORUL ISLAM CENTRE FOR HIGHER EDUCATION 10/30/2012 Higginbothams Private Ltd 399.00 621.3 Q1 45202 08/23/2024 Books
Visitors:
Copyright © 2024 Central Library NICHE.  All rights reserved.